Formule 1 - Pays des vainqueurs de championnat du monde - Statistiques

Statistiques générales
  • Ce quiz a été pris 1 088 fois
  • Le résultat moyen est 12 sur 15
Statistiques - réponses
Nombre de victoire Nombre de pilote vainqueur Réponse % Correct
4 1 France
99%
20 10 Royaume uni
99%
12 3 Allemagne
98%
3 2 Italie
95%
2 1 Espagne
94%
8 3 Brésil
93%
2 1 Pays-bas
87%
2 2 Etats-Unis
83%
5 1 Argentine
81%
4 2 Australie
78%
4 3 Finlande
77%
1 1 Canada
75%
4 2 Autriche
68%
1 1 Nouvelle zélande
49%
1 1 Afrique du sud
48%
Aucun quiz correspondant
Distribution des résultats
% des personnes avec chaque résultat
Percentile par nombre de réponses
Votre historique - résultats
Vous n’avez pas pris ce quiz